ბათუმის შოთა რუსთაველის სახელმწიფო უნივერსიტეტის ბიბლიოთეკა

შინაგანი დაავადებანი (ავადმყოფთა მოვლა და პათოლოგიის საფუძვლები) / (ბიბ.ჩანაწერი № 62893)

000 -ლიდერი
ფიქსირებული სიგრძის საკონტროლო ველი 00968nam a22002057a 4500
003 - საკონტროლო ნომრის იდენტიფიკატორი
საკონტროლო ველი Ge_BSU
005 - ბოლო ოპერაციის თარიღი და დრო
საკონტროლო ველი 20250317120413.0
008 - ფიქსირებული სიგრძის მონაცემთა ელემენტები - ზოგადი ინფორმაცია
ფიქსირებული სიგრძის საკონტროლო ველი 250317s1989 ge ||||| |||| 00| 0 geo d
041 ## - ენის კოდი
Language code of text/sound track or separate title geo
080 ## - უნივერსალური ათობითი კლასიფიკაციის ინდექსი
Universal Decimal Classification number 616.1/.4 ყ-98
100 ## - მთავარი ჩანაწერი - პიროვნების სახელი
Personal name ყუფარაძე, გიორგი
9 (RLIN) 5064
245 ## - ცნობა სათაურის შესახებ
Title შინაგანი დაავადებანი (ავადმყოფთა მოვლა და პათოლოგიის საფუძვლები) /
Statement of responsibility, etc რედ.: მარინა კანდელაკი.
250 ## - გამოცემის ცნობა
Edition statement მე-2 შევს. გამოც.
264 ## - წარმოების, გამოცემის, დისტრიბუციის და სხვა ცნობები
გამოცემის, წარმოების, დისტრიბუციის... ადგილი თბ. :
გამოცემის, წარმოების, დისტრიბუციის... სახელწოდება განათლება,
გამოცემის, წარმოების, დისტრიბუციის... თარიღი 1989.
300 ## - ფიზიკური აღწერა
Extent 442გვ. ;
Other physical details 26სმ.
653 ## - INDEX TERM--UNCONTROLLED
Uncontrolled term შინაგანი დაავადებები
653 ## - INDEX TERM--UNCONTROLLED
Uncontrolled term ავადმყოფის მოვლა
700 ## - ADDED ENTRY--PERSONAL NAME
Personal name კანდელაკი, მარინა
Relator term რედაქტორი
9 (RLIN) 24579
942 ## - ADDED ENTRY ELEMENTS (KOHA)
Source of classification or shelving scheme
Koha item type წიგნი
ეგზემპლარები
ჩამოწერის სტატუსი დაკარგული ეგზემპლარის სტატუსი კლასიფიკაციის წყარო ან თაროზე გაწყობის სქემა დაზიანების სტატუსი არ გაიცემა მუდმივი მდებარეობა (დაცვის ადგილი) ამჟამინდელი ადგილსამყოფელი თაროზე განთავსების ადგილი შეძენის თარიღი ღირებულება, შესყიდვის ნორმალური ფასი სრული შენახვის შიფრი შტრიხკოდი ბოლო ოპერაციის თარიღი ეგზემპლარის მიმდევრობითი ნომერი (კეტერი?) ფასის ძალაში შესვლის თარიღი ეგზემპლარის სახეობა საჯარო შენიშვნა
          ბათუმის შოთა რუსთაველის სახელმწიფო უნივერსიტეტის მთავარი ბიბლიოთეკა ბათუმის შოთა რუსთაველის სახელმწიფო უნივერსიტეტის მთავარი ბიბლიოთეკა წიგნსაცავი 2025-03-17 10.00 616.1/.4 ყ-98 70855 2025-03-17 70855 2025-03-17 წიგნი 10 ლ.